<?xml version="1.0" encoding="UTF-8"?>
<collection xmlns="http://www.loc.gov/MARC21/slim">
<record>
  <controlfield tag="001">111542</controlfield>
  <controlfield tag="005">20220309093121.0</controlfield>
  <datafield tag="037" ind1=" " ind2=" ">
    <subfield code="a">TAZ-TFG-2019-942</subfield>
  </datafield>
  <datafield tag="041" ind1=" " ind2=" ">
    <subfield code="a">spa</subfield>
  </datafield>
  <datafield tag="100" ind1="1" ind2=" ">
    <subfield code="a">Alonso Casado, Sara</subfield>
  </datafield>
  <datafield tag="242" ind1="0" ind2="0">
    <subfield code="a">Ambulatory and Home blood pressure correlation with left ventricular hypertrophy as target organ damage detected by ECG and echocardiogram in patients with HTA</subfield>
  </datafield>
  <datafield tag="245" ind1="0" ind2="0">
    <subfield code="a">Correlación de la presión arterial detectada en domicilio y la medición ambulatoria de la presión arterial con la presencia de hipertrofia ventricular izquierda como lesión de órgano diana detectada mediante ECG y ecocardiograma en pacientes con HTA</subfield>
  </datafield>
  <datafield tag="260" ind1=" " ind2=" ">
    <subfield code="a">Zaragoza</subfield>
    <subfield code="b">Universidad de Zaragoza</subfield>
    <subfield code="c">2019</subfield>
  </datafield>
  <datafield tag="506" ind1=" " ind2=" ">
    <subfield code="a">by-nc-sa</subfield>
    <subfield code="b">Creative Commons</subfield>
    <subfield code="c">3.0</subfield>
    <subfield code="u">http://creativecommons.org/licenses/by-nc-sa/3.0/</subfield>
  </datafield>
  <datafield tag="520" ind1=" " ind2=" ">
    <subfield code="a">La hipertensión arterial es un problema serio a nivel mundial. De acuerdo con la guía europea de HTA más de 1 billón de personas sufren hipertensión, en el momento actual. Además la presión arterial elevada conlleva lesión de órgano diana y muerte prematura. Muchos de estos episodios se relacionan de con presencia de lesiones subclínicas siendo los más representativos la presencia de hipertrofia ventricular izquierda y microalbuminuria. Ambas se asocian con a un aumento de morbimortalidad cardiovascular en estos pacientes. Se estudió una muestra de 112 sujetos con HTA  en una unidad especializada a los que se estudió mediante MAPA, con una edad media de 58,6 años con similar prevalencia entre varones y mujeres y en un 24% de los casos, con antecedentes de enfermedad cardiovascular . De ellos en 36 casos existían datos recogidos sobre la presencia de HVI, de ellos 28 fueron recogidos por ecocardiograma y en 3 más se pudo objetivar mediante análisis de ECG, destacando la falta de electrocardiograma en un elevado número de sujetos. La prevalencia de microalbuminuria fue de 30 de los sujetos estudiados. La medición de la presión arterial en domicilio puede considerarse una adecuada medida de seguimiento en los pacientes con HTA estudiados en nuestra unidad.&lt;br /></subfield>
  </datafield>
  <datafield tag="521" ind1=" " ind2=" ">
    <subfield code="a">Graduado en Medicina</subfield>
  </datafield>
  <datafield tag="540" ind1=" " ind2=" ">
    <subfield code="a">Derechos regulados por licencia Creative Commons</subfield>
  </datafield>
  <datafield tag="700" ind1=" " ind2=" ">
    <subfield code="a">Jarauta Simón, Estíbaliz</subfield>
    <subfield code="e">dir.</subfield>
  </datafield>
  <datafield tag="710" ind1="2" ind2=" ">
    <subfield code="a">Universidad de Zaragoza</subfield>
    <subfield code="b">Medicina, Psiquiatría y Dermatología</subfield>
    <subfield code="c">Medicina</subfield>
  </datafield>
  <datafield tag="856" ind1="0" ind2=" ">
    <subfield code="f">592062@celes.unizar.es</subfield>
  </datafield>
  <datafield tag="856" ind1="4" ind2=" ">
    <subfield code="s">1158241</subfield>
    <subfield code="u">http://zaguan.unizar.es/record/111542/files/TAZ-TFG-2019-942.pdf</subfield>
    <subfield code="y">Memoria (spa)</subfield>
  </datafield>
  <datafield tag="909" ind1="C" ind2="O">
    <subfield code="o">oai:zaguan.unizar.es:111542</subfield>
    <subfield code="p">driver</subfield>
    <subfield code="p">trabajos-fin-grado</subfield>
  </datafield>
  <datafield tag="950" ind1=" " ind2=" ">
    <subfield code="a"></subfield>
  </datafield>
  <datafield tag="980" ind1=" " ind2=" ">
    <subfield code="a">TAZ</subfield>
    <subfield code="b">TFG</subfield>
    <subfield code="c">MED</subfield>
  </datafield>
  <datafield tag="999" ind1=" " ind2=" ">
    <subfield code="a">20190530235339.CREATION_DATE</subfield>
  </datafield>
  <datafield tag="951" ind1=" " ind2=" ">
    <subfield code="a">deposita:2022-03-09</subfield>
  </datafield>
</record>
</collection>